000 00603nam a2200193Ia 4500
001 19009
003 GE_BSU
008 181216s||||||||xx |||||||||||||| ||und||
040 _cGE_BSU
245 _aДипломатическая служба. №4 2016.
245 _bНаучно-практический журнал
245 _cГл. ред. Винокуров владимир иванович
260 _aМосква
260 _c2016
300 _a70стр. ил,29см.
653 _aДипломатическая служба
653 _aპერიოდიკა
942 _cCR
999 _c52005
_d52005